| 000 | 00691nam a2200217 a 4500 | ||
|---|---|---|---|
| 005 | 20221027063411.0 | ||
| 008 | 081128s2005 mx r 000 0 spa d | ||
| 020 | _a9688535931 | ||
| 035 | _aUPN01000168256 | ||
| 049 | _aCG | ||
| 050 | 4 |
_aHV5045 _bL8.4 |
|
| 100 | 1 | _aLukas, Elisabeth S. | |
| 245 | 1 | 0 |
_aLibertad e identidad : _blogoterapia y problemas de adicción / _cElisabeth Lukas ; tr. de Héctor Piquer. |
| 260 |
_aMéxico : _bPaidós, _c2005. |
||
| 300 | _a104 p. | ||
| 440 | 0 |
_aDivulgación/Autoayuda ; _v219 |
|
| 534 |
_pTitulo original: _tFreiheit und identität |
||
| 650 | 7 |
_aAlcoholismo _xAspectos psicológicos _2 _913692 |
|
| 650 | 7 |
_aLogoterapia _2 _97050 |
|
| 905 | _aLibro | ||
| 999 |
_c140363 _d140363 |
||